BIBLIOTECA “JULIO CORTÁZAR”
ESCUELA AGROTÉCNICA “LIBERTADOR GENERAL SAN MARTÍN” - UNR – CASILDA

Logo Escuela Logo UNR

Formación ética y ciudadana : (Record no. 444)

MARC details
000 -LEADER
campo de control de longitud fija 00721nam#a22002775ar4500
001 - NÚMERO DE CONTROL
campo de control 444
008 - DATOS DE LONGITUD FIJA--INFORMACIÓN GENERAL
campo de control de longitud fija 061107s2001####ag#a###d|#####001#|#spa#d
020 ## - NÚMERO INTERNACIONAL ESTÁNDAR DEL LIBRO
Número Internacional Estándar del Libro 950461048x
080 ## - NÚMERO DE LA CLASIFICACIÓN DECIMAL UNIVERSAL
Número de la Clasificación Decimal Universal 177
084 ## - OTRO NÚMERO DE CLASIFICACIÓN
Número de clasificación F76
005 - FECHA Y HORA DE LA ÚLTIMA TRANSACCIÓN
campo de control 20241107184635.0
003 - IDENTIFICADOR DE NÚMERO DE CONTROL
campo de control AR-ClEAG
100 1# - ENTRADA PRINCIPAL--NOMBRE DE PERSONA
Nombre de persona Donatello, Luis Miguel.
245 10 - MENCIÓN DEL TÍTULO
Título Formación ética y ciudadana :
Resto del título 9 EGB /
Mención de responsabilidad, etc. Luis Miguel Donatello, Pablo Hirschmann, Mónica Ipolito.
250 ## - MENCION DE EDICION
Mención de edición 1ª ed.
260 ## - PUBLICACIÓN, DISTRIBUCIÓN, ETC.
Lugar de publicación, distribución, etc. Buenos Aires :
Nombre del editor, distribuidor, etc. Santillana,
Fecha de publicación, distribución, etc. 2001.
300 ## - DESCRIPCIÓN FÍSICA
Extensión 128 p. :
Otras características físicas il. ;
Dimensiones 21 cm.
490 0# - MENCIÓN DE SERIE
Mención de serie Claves
653 ## - TÉRMINO DE INDIZACIÓN--NO CONTROLADO
Término no controlado Cultura
653 ## - TÉRMINO DE INDIZACIÓN--NO CONTROLADO
Término no controlado Estado
653 ## - TÉRMINO DE INDIZACIÓN--NO CONTROLADO
Término no controlado Constitución
653 ## - TÉRMINO DE INDIZACIÓN--NO CONTROLADO
Término no controlado Derechos
700 1# - ENTRADA AGREGADA--NOMBRE PERSONAL
Nombre de persona Hirschmann, Pablo.
700 1# - ENTRADA AGREGADA--NOMBRE PERSONAL
Nombre de persona Ipolito, Mónica.
942 ## - ELEMENTOS DE ENTRADA SECUNDARIOS (KOHA)
Tipo de ítem Koha Libros
980 ## - EQUIVALENCIA O REFERENCIA-CRUZADA-MENCIÓN DE SERIE--NOMBRE DE PERSONA/TÍTULO [LOCAL, CANADÁ]
Enlace 2
Nombre de persona Evangelina Gallicchio
Enlace entre campo y número de secuencia 2
Información miscelánea Evangelina Gallicchio
Holdings
Estatus retirado Estado de pérdida Fuente del sistema de clasificación o colocación Estado de daño No para préstamo Biblioteca de origen Biblioteca actual Ubicación en estantería Fecha de adquisición Número de inventario Total de préstamos Signatura topográfica completa Código de barras Visto por última vez Precio de reemplazo Tipo de ítem Koha
    Clasificación decimal universal     Julio Cortázar Julio Cortázar   07/11/2024 2049   R07 177 F76 1 Ej.1 2049 07/11/2024 07/11/2024 Libros

Contacto

Biblioteca Julio Cortázar. Escuela Agrotécnica "Libertador San Martín". Universidad Nacional de Rosario
Dirección: Ov. Lagos 1000 - 2170 Casilda - Santa Fe - Argentina
Tel: (54) (03464) 422226.
Fax: (54) (03464) 427789.
E-Mail: biblio-eac@unr.edu.ar